000 00750nam a2200253Ia 4500
003 OSt
005 20221005113923.0
006 a|||||r|||| 00| 0
007 ta
008 221004b |||||||| |||| 00| 0 ara d
020 _c500
024 _a2836
037 _b01, 26/03/2007, Nadwi Publications
_cTextual
040 _aCRL
_cCRL
_bara
041 _2ara
_aara
082 _aO28,3M83,4, P6
100 _aJibran Jibran Khaleel Au.
_9173263
245 0 _aAl-badai wattaraif
260 _c2006
650 _aARABIC FICTION
_964594
700 _a Jabar Jameel Ed.
_9173264
942 _hO28,3M83,4, P6
_cTEXL
_2cc
999 _c1029745
_d1029745